000 00285nam a22001337a 4500
003 SGT
082 _a612.015
_bE17P
100 _aPASHA, ERAM HUSSAIN
245 _aESTIMATION OF SOWBLE TRANSFFRRIN
260 _aSGTU
_c2017
300 _a70
650 _aBIOCHEMISTRY
942 _2ddc
_cTH
999 _c20541
_d20541